[Event "FIDE World Rapid-ch Open 2018"]
[White "Tsydypov, Zhamsaran"]
[Black "Gutenev, Alexander"]
[Site "St. Petersburg"]
[Round "13.62"]
[Annotator "ChessBase"]
[Result "1-0"]
[Date "2018.12.28"]
[WhiteElo "2529"]
[BlackElo "2456"]
[PlyCount "63"]
[TimeControl "900+10"]

1. c4 {[%emt 0:0:0]} Nf6 {[%emt 0:0:20]} 2. Nf3 {[%emt 0:0:4]} g6 {[%emt 0:0:2]
} 3. Nc3 {[%emt 0:0:3]} d5 {[%emt 0:0:2]} 4. cxd5 {[%emt 0:0:0]} Nxd5 {[%emt 0:0:1]} 5. h4 {[%emt 0:0:16]} Nxc3 {[%emt 0:0:36]} 6. bxc3 {[%emt 0:0:1]} h6 {[%emt 0:0:16]} 7. d4 {[%emt 0:0:15]} Bg7 {[%emt 0:0:0]} 8. Bf4 {[%emt 0:0:17]} c5 {[%emt 0:0:49]} 9. Qd2 {[%emt 0:1:45]} Qa5 {[%emt 0:1:6]} 10. Rc1 {[%emt 0:0:10]} Bf5 {[%emt 0:1:2]} 11. h5 {[%emt 0:0:0]} g5 {[%emt 0:3:24]} 12. Be5 {[%emt 0:0:6]} f6 {[%emt 0:0:29]} 13. Bg3 {[%emt 0:0:22]} Nc6 {[%emt 0:0:25]} 14. e3 {[%emt 0:0:25]} 0-0 {[%emt 0:0:0]} 15. d5 {[%emt 0:0:32]} Rad8 {[%emt 0:0:33]} 16. Qb2 {[%emt 0:6:18]} Ne5 {[%emt 0:2:5]} 17. Nxe5 {[%emt 0:0:15]} fxe5 {[%emt 0:0:1]} 18. Bc4 {[%emt 0:0:29]
} Kh8 {[%emt 0:1:29]} 19. Qxb7 {[%emt 0:0:14]} Rb8 {[%emt 0:0:0]} 20. Qxe7 {[%emt 0:0:35]} Rfe8 {[%emt 0:0:2]} 21. Qd6 {[%emt 0:0:15]} Rb6 {[%emt 0:2:19]} 22. Qc7 {[%emt 0:0:3]} Qa4 {[%emt 0:0:4]} 23. Bb3 {[%emt 0:1:38]
} Qb5 {[%emt 0:0:1]} 24. d6 {[%emt 0:0:37]} Rb7 {[%emt 0:0:0]} 25. Ba4 {[%emt 0:0:1]} Qb2 {[%emt 0:0:2]} 26. Qxb7 {[%emt 0:0:10]} Qxc1+ {[%emt 0:0:51]} 27. Ke2 {[%emt 0:0:2]} Qxh1 {[%emt 0:0:12]} 28. Bxe8 {[%emt 0:0:13]} e4 {[%emt 0:0:23]} 29. Bd7 {[%emt 0:0:9]} Bxc3 {[%emt 0:0:0]} 30. Be5+ {[%emt 0:0:7]} Bxe5 {[%emt 0:0:11]} 31. Bxf5 {[%emt 0:0:2]} Qxh5+ {[%emt 0:0:12]} 32. g4 {[%emt 0:0:1]} 1-0

[Event "FIDE World Rapid-ch Open 2018"]
[White "Bindrich, Falko"]
[Black "Teterev, Vitaly"]
[Site "St. Petersburg"]
[Round "13.63"]
[Annotator "ChessBase"]
[Result "1-0"]
[Date "2018.12.28"]
[WhiteElo "2606"]
[BlackElo "2486"]
[PlyCount "107"]
[TimeControl "900+10"]

1. d4 {[%emt 0:0:0]} Nf6 {[%emt 0:0:0]} 2. c4 {[%emt 0:0:0]} g6 {[%emt 0:0:0]} 3. Nf3 {[%emt 0:0:0]} Bg7 {[%emt 0:0:0]} 4. e3 {[%emt 0:0:0]} 0-0 {[%emt 0:0:0]} 5. Be2 {[%emt 0:0:0]} d6 {[%emt 0:0:3]} 6. 0-0 {[%emt 0:0:0]} Nbd7 {[%emt 0:0:2]} 7. Nc3 {[%emt 0:0:2]} e5 {[%emt 0:0:2]} 8. b3 {[%emt 0:0:7]} Re8 {[%emt 0:0:8]} 9. Bb2 {[%emt 0:0:7]} e4 {[%emt 0:0:0]} 10. Nd2 {[%emt 0:0:2]} Nf8 {[%emt 0:0:2]} 11. Nd5 {[%emt 0:0:8]} Nxd5 {[%emt 0:0:10]} 12. cxd5 {[%emt 0:0:2]} Qg5 {[%emt 0:0:2]} 13. Re1 {[%emt 0:1:24]
} Qxd5 {[%emt 0:0:8]} 14. Qc2 {[%emt 0:0:2]} c6 {[%emt 0:0:0]} 15. b4 {[%emt 0:0:24]} a6 {[%emt 0:1:12]} 16. Nc4 {[%emt 0:0:50]} Nd7 {[%emt 0:0:3]
} 17. f3 {[%emt 0:0:10]} exf3 {[%emt 0:0:47]} 18. Bxf3 {[%emt 0:0:5]
} Qe6 {[%emt 0:0:1]} 19. e4 {[%emt 0:0:10]} Qe7 {[%emt 0:0:0]} 20. Rad1 {[%emt 0:2:55]} Nf6 {[%emt 0:0:55]} 21. h3 {[%emt 0:1:57]} Rd8 {[%emt 0:2:29]} 22. d5 {[%emt 0:0:28]} cxd5 {[%emt 0:0:30]} 23. Nb6 {[%emt 0:0:2]
} Rb8 {[%emt 0:0:39]} 24. exd5 {[%emt 0:1:44]} Qf8 {[%emt 0:0:0]} 25. Qc7 {[%emt 0:1:52]} Bf5 {[%emt 0:0:34]} 26. g4 {[%emt 0:0:2]} Ne8 {[%emt 0:1:6]} 27. Bxg7 {[%emt 0:2:12]} Qxg7 {[%emt 0:0:16]} 28. Qe7 {[%emt 0:0:12]
} Bc2 {[%emt 0:0:27]} 29. Rc1 {[%emt 0:0:42]} Qd4+ {[%emt 0:0:0]} 30. Qe3 {[%emt 0:0:2]} Qd3 {[%emt 0:0:30]} 31. Qxd3 {[%emt 0:1:5]} Bxd3 {[%emt 0:0:1]} 32. Re3 {[%emt 0:0:1]} Bb5 {[%emt 0:0:9]} 33. a4 {[%emt 0:0:1]
} Bd7 {[%emt 0:0:9]} 34. Re7 {[%emt 0:0:3]} Bc8 {[%emt 0:0:0]} 35. Nxc8 {[%emt 0:1:30]} Rdxc8 {[%emt 0:0:30]} 36. Rxc8 {[%emt 0:0:2]} Rxc8 {[%emt 0:0:2]} 37. Rxb7 {[%emt 0:0:2]} Kf8 {[%emt 0:0:56]} 38. Be2 {[%emt 0:0:39]
} Ra8 {[%emt 0:0:14]} 39. g5 {[%emt 0:0:22]} a5 {[%emt 0:0:5]
} 40. b5 {[%emt 0:0:3]} Ng7 {[%emt 0:0:41]} 41. Bg4 {[%emt 0:0:18]} Nf5 {[%emt 0:0:1]
} 42. Bxf5 {[%emt 0:0:5]} gxf5 {[%emt 0:0:1]} 43. Rb6 {[%emt 0:0:33]
} Re8 {[%emt 0:1:17]} 44. Ra6 {[%emt 0:0:7]} Re2 {[%emt 0:0:0]} 45. Rxa5 {[%emt 0:0:4]} Rb2 {[%emt 0:0:12]} 46. Ra6 {[%emt 0:0:5]} Rb4 {[%emt 0:0:43]} 47. b6 {[%emt 0:0:2]} Kg7 {[%emt 0:0:6]} 48. a5 {[%emt 0:0:3]
} Kg6 {[%emt 0:0:1]} 49. Ra7 {[%emt 0:0:2]} Kxg5 {[%emt 0:0:0]} 50. Rxf7 {[%emt 0:0:23]} Kf4 {[%emt 0:0:11]} 51. Kf2 {[%emt 0:0:14]} Rb2+ {[%emt 0:0:4]} 52. Ke1 {[%emt 0:0:1]} Ke3 {[%emt 0:0:36]} 53. Re7+ {[%emt 0:0:11]
} Kd4 {[%emt 0:0:12]} 54. b7 {[%emt 0:0:5]} 1-0

[Event "FIDE World Rapid-ch Open 2018"]
[White "Zhigalko, Andrey"]
[Black "Bosiocic, Marin"]
[Site "St. Petersburg"]
[Round "13.64"]
[Annotator "ChessBase"]
[Result "0-1"]
[Date "2018.12.28"]
[WhiteElo "2545"]
[BlackElo "2599"]
[PlyCount "54"]
[TimeControl "900+10"]

1. e4 {[%emt 0:0:0]} e5 {[%emt 0:0:0]} 2. Nf3 {[%emt 0:0:0]} Nc6 {[%emt 0:0:0]
} 3. Bb5 {[%emt 0:0:0]} a6 {[%emt 0:0:0]} 4. Ba4 {[%emt 0:0:0]} b5 {[%emt 0:0:0]} 5. Bb3 {[%emt 0:0:0]} g6 {[%emt 0:0:0]} 6. Nc3 {[%emt 0:0:28]
} Bg7 {[%emt 0:0:14]} 7. a4 {[%emt 0:0:3]} b4 {[%emt 0:0:1]} 8. Nd5 {[%emt 0:0:2]} Nge7 {[%emt 0:0:11]} 9. d4 {[%emt 0:1:6]} exd4 {[%emt 0:0:48]
} 10. Bg5 {[%emt 0:1:35]} h6 {[%emt 0:0:28]} 11. Bf6 {[%emt 0:0:0]} Bxf6 {[%emt 0:0:21]} 12. Nxf6+ {[%emt 0:0:1]} Kf8 {[%emt 0:0:3]} 13. Nxd4 {[%emt 0:1:7]} Kg7 {[%emt 0:0:3]} 14. 0-0 {[%emt 0:2:43]} Rf8 {[%emt 0:1:57]
} 15. Nd5 {[%emt 0:1:59]} Na5 {[%emt 0:1:8]} 16. Ba2 {[%emt 0:0:0]} Nxd5 {[%emt 0:0:27]} 17. exd5 {[%emt 0:0:36]} c5 {[%emt 0:0:47]} 18. dxc6 {[%emt 0:0:39]} dxc6 {[%emt 0:0:3]} 19. c3 {[%emt 0:0:16]} Rb8 {[%emt 0:0:9]
} 20. Qc2 {[%emt 0:2:22]} b3 {[%emt 0:1:5]} 21. Bxb3 {[%emt 0:0:0]} Nxb3 {[%emt 0:0:8]} 22. Nxc6 {[%emt 0:0:24]} Nxa1 {[%emt 0:0:35]} 23. Rxa1 {[%emt 0:0:1]} Qc7 {[%emt 0:0:3]} 24. Nxb8 {[%emt 0:0:2]} Qxb8 {[%emt 0:0:1]
} 25. c4 {[%emt 0:0:13]} Qe5 {[%emt 0:0:6]} 26. a5 {[%emt 0:0:0]} Bf5 {[%emt 0:0:4]} 27. Qd2 {[%emt 0:0:18]} Rb8 {[%emt 0:0:6]} 0-1

[Event "FIDE World Rapid-ch Open 2018"]
[White "Huzman, Alexander"]
[Black "Tissir, Mohamed"]
[Site "St. Petersburg"]
[Round "13.65"]
[Annotator "ChessBase"]
[Result "1-0"]
[Date "2018.12.28"]
[WhiteElo "2580"]
[BlackElo "2387"]
[PlyCount "73"]
[TimeControl "900+10"]

1. d4 {[%emt 0:0:0]} e6 {[%emt 0:0:0]} 2. Nf3 {[%emt 0:0:6]} Nf6 {[%emt 0:0:17]
} 3. c4 {[%emt 0:0:6]} d5 {[%emt 0:0:5]} 4. g3 {[%emt 0:0:0]} dxc4 {[%emt 0:0:11]} 5. Bg2 {[%emt 0:0:2]} Bb4+ {[%emt 0:0:0]} 6. Bd2 {[%emt 0:0:23]} Be7 {[%emt 0:0:2]} 7. Qa4+ {[%emt 0:0:33]} Bd7 {[%emt 0:0:0]} 8. Qxc4 Bc6 9. Nc3 {[%emt 0:0:37]} 0-0 {[%emt 0:0:4]} 10. 0-0 {[%emt 0:0:0]} a5 {[%emt 0:0:5]} 11. Rac1 {[%emt 0:2:42]} Nbd7 {[%emt 0:3:2]} 12. Rfd1 {[%emt 0:0:39]} h6 {[%emt 0:0:31]} 13. Qd3 {[%emt 0:0:21]} Re8 {[%emt 0:0:41]
} 14. Be1 {[%emt 0:0:28]} Bxf3 {[%emt 0:0:4]} 15. Qxf3 {[%emt 0:0:18]
} c6 {[%emt 0:0:1]} 16. e4 {[%emt 0:0:1]} Qb6 {[%emt 0:0:33]
} 17. Qe2 {[%emt 0:0:2]} a4 {[%emt 0:1:29]} 18. a3 {[%emt 0:0:24]} e5 {[%emt 0:0:53]
} 19. dxe5 {[%emt 0:0:14]} Nxe5 {[%emt 0:0:1]} 20. h3 {[%emt 0:0:2]
} g5 {[%emt 0:2:45]} 21. Qc2 {[%emt 0:1:2]} Qa7 {[%emt 0:0:0]} 22. Ne2 {[%emt 0:0:2]} g4 {[%emt 0:0:30]} 23. hxg4 {[%emt 0:0:52]} Nfxg4 {[%emt 0:0:0]} 24. Nd4 {[%emt 0:0:2]} Rad8 {[%emt 0:0:11]} 25. Nf5 {[%emt 0:0:13]
} Bg5 {[%emt 0:0:2]} 26. Rb1 {[%emt 0:1:52]} h5 {[%emt 0:0:0]} 27. Kh1 {[%emt 0:0:52]} Rxd1 {[%emt 0:0:47]} 28. Rxd1 {[%emt 0:0:2]} Rd8 {[%emt 0:0:1]} 29. Rxd8+ {[%emt 0:1:7]} Bxd8 {[%emt 0:0:1]} 30. f3 {[%emt 0:0:2]
} Ne3 {[%emt 0:0:25]} 31. Qd2 {[%emt 0:1:30]} Bb6 {[%emt 0:0:0]} 32. Nxe3 {[%emt 0:1:12]} Bxe3 {[%emt 0:0:1]} 33. Qd8+ {[%emt 0:0:1]} Kg7 {[%emt 0:2:8]} 34. Bc3 {[%emt 0:0:1]} f6 {[%emt 0:0:16]} 35. Qe7+ {[%emt 0:0:9]
} Kg8 {[%emt 0:1:20]} 36. Qxf6 {[%emt 0:0:23]} Bd4 {[%emt 0:0:0]} 37. Qd8+ {[%emt 0:0:1]} 1-0

[Event "FIDE World Rapid-ch Open 2018"]
[White "Gabrielian, Artur"]
[Black "Kazhgaleyev, Murtas"]
[Site "St. Petersburg"]
[Round "13.66"]
[Annotator "ChessBase"]
[Result "0-1"]
[Date "2018.12.28"]
[WhiteElo "2499"]
[BlackElo "2587"]
[PlyCount "46"]
[TimeControl "900+10"]

1. e4 {[%emt 0:0:0]} e5 {[%emt 0:0:0]} 2. Nf3 {[%emt 0:0:0]} d6 {[%emt 0:0:0]} 3. d4 {[%emt 0:0:0]} exd4 {[%emt 0:0:0]} 4. Nxd4 {[%emt 0:0:0]} Nf6 {[%emt 0:0:0]} 5. Nc3 {[%emt 0:0:0]} Be7 {[%emt 0:0:0]} 6. Bf4 {[%emt 0:0:7]
} 0-0 {[%emt 0:0:3]} 7. Be2 {[%emt 0:0:2]} Re8 {[%emt 0:0:0]} 8. Qd2 {[%emt 0:0:3]} Bf8 {[%emt 0:0:7]} 9. f3 {[%emt 0:0:12]} a6 {[%emt 0:2:8]
} 10. 0-0-0 {[%emt 0:0:12]} b5 {[%emt 0:1:14]} 11. g4 {[%emt 0:0:0]} b4 {[%emt 0:2:16]} 12. Nd5 {[%emt 0:0:30]} Nxd5 {[%emt 0:0:18]} 13. exd5 {[%emt 0:0:1]} Bb7 {[%emt 0:0:3]} 14. Bc4 {[%emt 0:1:3]} a5 {[%emt 0:0:36]
} 15. Bb5 {[%emt 0:2:22]} Nd7 {[%emt 0:0:18]} 16. Nf5 {[%emt 0:0:0]} Ba6 {[%emt 0:0:51]} 17. Bc6 {[%emt 0:0:22]} Re2 {[%emt 0:0:51]} 18. Qd4 {[%emt 0:0:8]} Rb8 {[%emt 0:0:7]} 19. Rhe1 {[%emt 0:0:40]} Ne5 {[%emt 0:1:8]
} 20. Bxe5 {[%emt 0:1:21]} dxe5 {[%emt 0:0:3]} 21. Qa7 {[%emt 0:0:23]
} Qg5+ {[%emt 0:0:39]} 22. Ne3 {[%emt 0:4:5]} Rb6 {[%emt 0:0:0]} 23. Qxa6 {[%emt 0:1:14]} Qxe3+ {[%emt 0:0:5]} 0-1

[Event "FIDE World Rapid-ch Open 2018"]
[White "Fakhrutdinov, Timur"]
[Black "Yilmaz, Mustafa"]
[Site "St. Petersburg"]
[Round "13.67"]
[Annotator "ChessBase"]
[Result "0-1"]
[Date "2018.12.28"]
[WhiteElo "2481"]
[BlackElo "2636"]
[PlyCount "114"]
[TimeControl "900+10"]

1. e4 {[%emt 0:0:0]} c5 {[%emt 0:0:0]} 2. Nf3 {[%emt 0:0:0]} d6 {[%emt 0:0:0]} 3. d4 {[%emt 0:0:0]} cxd4 {[%emt 0:0:0]} 4. Nxd4 {[%emt 0:0:0]} Nf6 {[%emt 0:0:0]} 5. Nc3 {[%emt 0:0:0]} a6 {[%emt 0:0:0]} 6. Be3 {[%emt 0:0:1]
} e5 {[%emt 0:0:0]} 7. Nf3 {[%emt 0:0:4]} Qc7 {[%emt 0:0:0]
} 8. a4 {[%emt 0:0:6]} Be7 {[%emt 0:0:2]} 9. a5 {[%emt 0:0:18]} 0-0 {[%emt 0:4:33]
} 10. Be2 {[%emt 0:0:2]} Be6 {[%emt 0:1:7]} 11. 0-0 {[%emt 0:0:0]} h6 {[%emt 0:0:1]} 12. Nd5 {[%emt 0:2:17]} Nxd5 {[%emt 0:0:2]} 13. exd5 {[%emt 0:0:1]} Bg4 {[%emt 0:0:2]} 14. Qd2 {[%emt 0:1:58]} f5 {[%emt 0:2:48]
} 15. Bb6 {[%emt 0:3:28]} Qc8 {[%emt 0:0:23]} 16. Ra4 {[%emt 0:0:0]} Nd7 {[%emt 0:0:1]} 17. Rc4 {[%emt 0:0:32]} Qe8 {[%emt 0:0:1]} 18. Bc7 {[%emt 0:1:4]} Rc8 {[%emt 0:1:33]} 19. Qb4 {[%emt 0:1:21]} Bxf3 {[%emt 0:5:7]
} 20. Bxf3 {[%emt 0:0:24]} e4 {[%emt 0:0:1]} 21. Be2 {[%emt 0:0:0]} Ne5 {[%emt 0:0:1]} 22. Rc3 {[%emt 0:0:38]} Qd7 {[%emt 0:0:1]} 23. Bb6 {[%emt 0:2:28]} Bf6 {[%emt 0:0:6]} 24. Bd4 {[%emt 0:0:36]} Qe7 {[%emt 0:0:1]
} 25. Re1 {[%emt 0:0:32]} Rce8 {[%emt 0:0:22]} 26. Qb6 {[%emt 0:0:35]
} Rc8 {[%emt 0:0:46]} 27. Bf1 {[%emt 0:0:7]} Ng4 {[%emt 0:0:0]} 28. h3 {[%emt 0:0:16]} Bxd4 {[%emt 0:0:7]} 29. Qxd4 {[%emt 0:0:2]} Ne5 {[%emt 0:0:5]} 30. Ree3 {[%emt 0:0:6]} Rce8 {[%emt 0:0:24]} 31. Qb6 {[%emt 0:0:10]
} Rf7 {[%emt 0:0:13]} 32. b4 {[%emt 0:0:24]} Qf6 {[%emt 0:0:0]} 33. Rc7 {[%emt 0:0:6]} Rxc7 {[%emt 0:0:2]} 34. Qxc7 {[%emt 0:0:2]} Re7 {[%emt 0:0:1]} 35. Qc8+ {[%emt 0:0:11]} Kh7 {[%emt 0:0:3]} 36. Rc3 {[%emt 0:0:22]
} Qf7 {[%emt 0:0:14]} 37. Qd8 {[%emt 0:0:11]} Rd7 {[%emt 0:0:0]} 38. Qb6 {[%emt 0:0:8]} Qxd5 {[%emt 0:0:20]} 39. b5 {[%emt 0:0:11]} axb5 {[%emt 0:0:6]} 40. Qxb5 {[%emt 0:0:5]} Qd4 {[%emt 0:0:13]} 41. Rb3 {[%emt 0:0:15]
} Rc7 {[%emt 0:0:32]} 42. Qb6 {[%emt 0:0:4]} Qc5 {[%emt 0:0:0]} 43. Rb5 {[%emt 0:0:16]} Qxb6 {[%emt 0:0:15]} 44. Rxb6 {[%emt 0:0:8]} Nc6 {[%emt 0:0:5]} 45. Rb5 {[%emt 0:0:3]} Kg6 {[%emt 0:0:4]} 46. g4 {[%emt 0:0:5]
} fxg4 {[%emt 0:0:3]} 47. hxg4 {[%emt 0:0:2]} Nd4 {[%emt 0:0:0]} 48. Rd5 {[%emt 0:0:9]} Nf3+ {[%emt 0:0:9]} 49. Kg2 {[%emt 0:0:6]} Rxc2 {[%emt 0:0:22]} 50. Rxd6+ {[%emt 0:0:4]} Kg5 {[%emt 0:0:1]} 51. Rd7 {[%emt 0:0:32]
} Ne1+ {[%emt 0:0:12]} 52. Kg1 {[%emt 0:0:9]} e3 {[%emt 0:0:0]} 53. Rf7 {[%emt 0:0:26]} Kg6 {[%emt 0:0:21]} 54. Rf4 {[%emt 0:0:9]} e2 {[%emt 0:0:1]} 55. Bxe2 {[%emt 0:0:11]} Rxe2 {[%emt 0:0:2]} 56. Rb4 {[%emt 0:0:9]
} Ra2 {[%emt 0:0:4]} 57. Rb6+ {[%emt 0:0:9]} Kh7 {[%emt 0:0:0]} 0-1

[Event "FIDE World Rapid-ch Open 2018"]
[White "Mikhalevski, Victor"]
[Black "Hakobyan, Aram"]
[Site "St. Petersburg"]
[Round "13.68"]
[Annotator "ChessBase"]
[Result "0-1"]
[Date "2018.12.28"]
[WhiteElo "2579"]
[BlackElo "2545"]
[PlyCount "76"]
[TimeControl "900+10"]

1. Nf3 {[%emt 0:1:17]} Nf6 {[%emt 0:0:0]} 2. c4 {[%emt 0:0:7]} g6 {[%emt 0:0:0]
} 3. g3 {[%emt 0:0:13]} Bg7 {[%emt 0:0:2]} 4. Bg2 {[%emt 0:0:0]} 0-0 {[%emt 0:0:2]} 5. 0-0 {[%emt 0:0:2]} d6 {[%emt 0:0:15]} 6. Nc3 {[%emt 0:0:7]
} Nc6 {[%emt 0:0:3]} 7. d3 {[%emt 0:0:38]} a6 {[%emt 0:0:20]} 8. Rb1 {[%emt 0:0:12]} Rb8 {[%emt 0:0:17]} 9. Nd2 {[%emt 0:0:24]} Bd7 {[%emt 0:0:1]
} 10. b4 {[%emt 0:0:9]} b5 {[%emt 0:0:3]} 11. a3 {[%emt 0:0:0]} Qc8 {[%emt 0:0:34]} 12. Bb2 {[%emt 0:0:15]} Ne5 {[%emt 0:0:19]} 13. Ba1 {[%emt 0:2:49]} Bh3 {[%emt 0:0:40]} 14. Nde4 {[%emt 0:1:52]} Bxg2 {[%emt 0:0:0]} 15. Nxf6+ {[%emt 0:0:34]} exf6 {[%emt 0:1:26]} 16. Kxg2 {[%emt 0:0:0]} c6 {[%emt 0:0:18]} 17. Ne4 {[%emt 0:1:29]} Qe6 {[%emt 0:0:2]} 18. c5 {[%emt 0:0:3]
} d5 {[%emt 0:0:14]} 19. Nd2 {[%emt 0:0:1]} h5 {[%emt 0:0:19]
} 20. h4 {[%emt 0:1:16]} Rfe8 {[%emt 0:0:12]} 21. Nb3 {[%emt 0:0:7]} f5 {[%emt 0:0:12]
} 22. Qd2 {[%emt 0:0:18]} Kh7 {[%emt 0:0:37]} 23. Bd4 {[%emt 0:0:0]} Re7 {[%emt 0:0:22]} 24. e3 {[%emt 0:0:29]} Rbe8 {[%emt 0:0:40]} 25. Ra1 {[%emt 0:0:15]} Bh6 {[%emt 0:1:17]} 26. Qd1 {[%emt 0:1:41]} Ng4 {[%emt 0:0:22]
} 27. a4 {[%emt 0:0:58]} f6 {[%emt 0:0:42]} 28. Nd2 {[%emt 0:0:0]} g5 {[%emt 0:0:13]} 29. Nf3 {[%emt 0:0:12]} f4 {[%emt 0:0:51]} 30. hxg5 {[%emt 0:0:56]} fxg5 {[%emt 0:0:11]} 31. exf4 {[%emt 0:0:3]} gxf4 {[%emt 0:0:8]
} 32. Rh1 {[%emt 0:0:20]} Qg6 {[%emt 0:1:21]} 33. Nh4 {[%emt 0:0:0]} Qf7 {[%emt 0:0:1]} 34. Nf3 {[%emt 0:0:1]} Re2 {[%emt 0:0:33]} 35. axb5 {[%emt 0:0:56]} fxg3 {[%emt 0:1:14]} 36. Rxa6 {[%emt 0:0:21]} Nxf2 {[%emt 0:0:44]
} 37. Bxf2 {[%emt 0:0:8]} Rxf2+ {[%emt 0:0:3]} 38. Kxg3 {[%emt 0:0:3]
} Ree2 {[%emt 0:0:5]} 0-1

[Event "FIDE World Rapid-ch Open 2018"]
[White "Oganian, Miran"]
[Black "Sychev, Klementy"]
[Site "St. Petersburg"]
[Round "13.69"]
[Annotator "ChessBase"]
[Result "0-1"]
[Date "2018.12.28"]
[WhiteElo "2423"]
[BlackElo "2537"]
[PlyCount "62"]
[TimeControl "900+10"]

1. d4 {[%emt 0:0:0]} e6 {[%emt 0:0:4]} 2. c4 {[%emt 0:0:0]} f5 {[%emt 0:0:0]} 3. g3 {[%emt 0:0:17]} Nf6 {[%emt 0:0:2]} 4. Bg2 {[%emt 0:0:1]} Be7 {[%emt 0:0:2]} 5. Nf3 {[%emt 0:0:35]} 0-0 {[%emt 0:0:4]} 6. 0-0 {[%emt 0:0:0]} d6 {[%emt 0:0:2]} 7. Nc3 {[%emt 0:0:8]} Ne4 {[%emt 0:0:1]} 8. Qc2 {[%emt 0:0:12]} Nxc3 {[%emt 0:0:3]} 9. Qxc3 {[%emt 0:0:2]} a5 {[%emt 0:0:0]} 10. Qc2 {[%emt 0:0:35]} Nc6 {[%emt 0:0:14]} 11. e4 {[%emt 0:0:45]} fxe4 {[%emt 0:1:25]} 12. Qxe4 {[%emt 0:0:3]} Bf6 {[%emt 0:0:4]} 13. Bh3 {[%emt 0:1:50]
} Re8 {[%emt 0:0:24]} 14. Re1 {[%emt 0:0:25]} e5 {[%emt 0:0:0]} 15. Bxc8 {[%emt 0:0:37]} Qxc8 {[%emt 0:0:2]} 16. Bg5 {[%emt 0:2:42]} Nxd4 {[%emt 0:4:15]} 17. Bxf6 {[%emt 0:0:38]} Nxf3+ {[%emt 0:0:6]} 18. Qxf3 {[%emt 0:0:1]} gxf6 {[%emt 0:0:2]} 19. Qxf6 {[%emt 0:0:21]} Qg4 {[%emt 0:0:0]} 20. h3 {[%emt 0:1:4]} Qg6 {[%emt 0:0:49]} 21. Qf3 {[%emt 0:0:53]} e4 {[%emt 0:0:4]} 22. Qb3 {[%emt 0:0:11]} Re5 {[%emt 0:6:26]} 23. Rad1 {[%emt 0:2:19]
} Rf8 {[%emt 0:0:52]} 24. c5+ {[%emt 0:4:13]} Rf7 {[%emt 0:0:0]} 25. Qxb7 {[%emt 0:0:30]} e3 {[%emt 0:0:13]} 26. Rxe3 {[%emt 0:0:12]} Rxf2 {[%emt 0:0:13]} 27. Kxf2 {[%emt 0:0:42]} Qc2+ {[%emt 0:0:2]} 28. Kf3 {[%emt 0:0:1]
} Qxd1+ 29. Kf4 Qd4+ {[%emt 0:0:18]} 30. Re4 {[%emt 0:0:9]} Qf2+ {[%emt 0:0:3]} 31. Kg4 {[%emt 0:0:11]} Qf5+ {[%emt 0:0:1]} 0-1

[Event "FIDE World Rapid-ch Open 2018"]
[White "Potapov, Pavel"]
[Black "Kabanov, Nikolai"]
[Site "St. Petersburg"]
[Round "13.70"]
[Annotator "ChessBase"]
[Result "1-0"]
[Date "2018.12.28"]
[WhiteElo "2516"]
[BlackElo "2450"]
[PlyCount "67"]
[TimeControl "900+10"]

1. e4 {[%emt 0:0:0]} e5 {[%emt 0:0:0]} 2. Nf3 {[%emt 0:0:0]} d6 {[%emt 0:0:0]} 3. d4 {[%emt 0:0:0]} exd4 {[%emt 0:0:0]} 4. Nxd4 {[%emt 0:0:2]} Nf6 {[%emt 0:0:0]} 5. Nc3 {[%emt 0:0:2]} Be7 {[%emt 0:0:0]} 6. Nde2 {[%emt 0:0:17]
} 0-0 {[%emt 0:0:13]} 7. g3 {[%emt 0:0:2]} c6 {[%emt 0:0:43]} 8. Bg2 {[%emt 0:0:3]} Re8 {[%emt 0:1:3]} 9. 0-0 {[%emt 0:0:4]} Nbd7 {[%emt 0:0:16]
} 10. h3 {[%emt 0:0:5]} Bf8 {[%emt 0:0:5]} 11. g4 {[%emt 0:0:0]} Nc5 {[%emt 0:0:25]} 12. Ng3 {[%emt 0:0:4]} a5 {[%emt 0:0:43]} 13. a4 {[%emt 0:0:17]} Qb6 {[%emt 0:0:5]} 14. g5 {[%emt 0:1:10]} Nfd7 {[%emt 0:0:0]} 15. Kh2 {[%emt 0:0:7]} g6 {[%emt 0:0:27]} 16. f4 {[%emt 0:0:4]} Qb4 {[%emt 0:0:51]} 17. Nce2 {[%emt 0:1:11]} Bg7 {[%emt 0:1:8]} 18. Qxd6 {[%emt 0:2:56]
} Nxa4 {[%emt 0:0:24]} 19. Qxb4 {[%emt 0:0:2]} axb4 {[%emt 0:0:0]} 20. e5 {[%emt 0:0:4]} Ra6 {[%emt 0:1:28]} 21. Ne4 {[%emt 0:1:29]} Bf8 {[%emt 0:0:3]} 22. Nd4 {[%emt 0:0:39]} Rd8 {[%emt 0:1:19]} 23. b3 {[%emt 0:1:38]
} Ndb6 {[%emt 0:2:16]} 24. Nf6+ {[%emt 0:1:2]} Kh8 {[%emt 0:0:0]} 25. bxa4 {[%emt 0:2:10]} Rxd4 {[%emt 0:0:2]} 26. Bb2 {[%emt 0:0:1]
} Rd2 {[%emt 0:0:1]} 27. Rad1 {[%emt 0:1:34]} Rxc2 {[%emt 0:0:10]} 28. Rd8 {[%emt 0:0:12]} Kg7 {[%emt 0:0:2]} 29. Rfd1 {[%emt 0:1:33]} Bd7 {[%emt 0:0:0]} 30. e6 {[%emt 0:0:27]} Bxe6 {[%emt 0:1:15]} 31. Be5 {[%emt 0:0:25]} Ra8 {[%emt 0:0:53]} 32. Rxa8 {[%emt 0:1:1]} Nxa8 {[%emt 0:0:3]} 33. Rd8 {[%emt 0:0:2]
} Re2 {[%emt 0:1:47]} 34. Bd6 {[%emt 0:0:15]} 1-0

[Event "FIDE World Rapid-ch Open 2018"]
[White "AL-Sayed, Mohammed"]
[Black "Reshetnikov, Alexey"]
[Site "St. Petersburg"]
[Round "13.71"]
[Annotator "ChessBase"]
[Result "1-0"]
[Date "2018.12.28"]
[WhiteElo "2484"]
[BlackElo "2492"]
[PlyCount "83"]
[TimeControl "900+10"]

1. d4 {[%emt 0:2:2]} d5 {[%emt 0:0:0]} 2. Bf4 {[%emt 0:0:7]} Nf6 {[%emt 0:0:4]
} 3. e3 {[%emt 0:0:1]} c5 {[%emt 0:0:2]} 4. c3 {[%emt 0:0:0]} Qb6 {[%emt 0:0:3]} 5. Qb3 {[%emt 0:0:7]} Nc6 {[%emt 0:0:2]} 6. Nd2 {[%emt 0:0:5]
} Bf5 {[%emt 0:1:59]} 7. dxc5 {[%emt 0:0:21]} Qxb3 {[%emt 0:0:0]} 8. axb3 {[%emt 0:0:38]} e5 {[%emt 0:0:3]} 9. Bg3 {[%emt 0:0:13]} Bxc5 {[%emt 0:0:17]} 10. Bb5 {[%emt 0:1:26]} Nd7 {[%emt 0:0:22]} 11. Ngf3 {[%emt 0:1:22]
} f6 {[%emt 0:0:6]} 12. 0-0 {[%emt 0:0:2]} 0-0 {[%emt 0:0:0]} 13. b4 {[%emt 0:0:54]} Be7 {[%emt 0:2:58]} 14. Nb3 {[%emt 0:0:45]} Rfc8 {[%emt 0:0:47]} 15. Nfd2 {[%emt 0:0:25]} a6 {[%emt 0:1:0]} 16. Be2 {[%emt 0:0:3]
} b5 {[%emt 0:3:32]} 17. f4 {[%emt 0:3:44]} e4 {[%emt 0:0:10]} 18. Rfd1 {[%emt 0:2:3]} Nb6 {[%emt 0:0:34]} 19. Nc5 {[%emt 0:0:27]} Bxc5 {[%emt 0:1:37]
} 20. bxc5 {[%emt 0:0:1]} Na4 {[%emt 0:0:2]} 21. c4 {[%emt 0:0:0]} Nxb2 {[%emt 0:0:48]} 22. cxd5 {[%emt 0:0:1]} Nxd1 {[%emt 0:0:1]} 23. Rxd1 {[%emt 0:0:1]} Nb4 {[%emt 0:0:9]} 24. Nb3 {[%emt 0:0:8]} Nxd5 {[%emt 0:0:21]
} 25. Rxd5 {[%emt 0:0:21]} Be6 {[%emt 0:0:2]} 26. Rd6 {[%emt 0:0:0]
} Bxb3 {[%emt 0:0:3]} 27. c6 {[%emt 0:0:1]} Rd8 {[%emt 0:0:0]} 28. Rxd8+ {[%emt 0:1:48]} Rxd8 {[%emt 0:0:1]} 29. Bg4 {[%emt 0:0:1]} f5 {[%emt 0:1:16]} 30. Bxf5 {[%emt 0:0:1]} Rd1+ {[%emt 0:0:5]} 31. Kf2 {[%emt 0:0:1]
} Rc1 {[%emt 0:0:15]} 32. Bxe4 {[%emt 0:0:1]} b4 {[%emt 0:0:0]} 33. f5 {[%emt 0:0:4]} Ba4 {[%emt 0:0:13]} 34. Bd5+ {[%emt 0:0:35]} Kh8 {[%emt 0:0:3]} 35. c7 {[%emt 0:0:4]} Bd7 {[%emt 0:0:9]} 36. e4 {[%emt 0:0:0]} a5 {[%emt 0:0:23]} 37. Bd6 {[%emt 0:0:1]} h6 {[%emt 0:0:10]} 38. g4 {[%emt 0:0:2]} Rc3 {[%emt 0:0:3]} 39. e5 {[%emt 0:0:4]} b3 {[%emt 0:0:0]} 40. e6 {[%emt 0:0:1]} Rc2+ {[%emt 0:0:25]} 41. Ke3 {[%emt 0:0:2]} Be8 {[%emt 0:0:9]} 42. Bxb3 {[%emt 0:0:5]} 1-0